Statistical mechanics

Guardado en:
Detalles Bibliográficos
Autor principal: Huang, Kerson (Autor)
Formato: Libro
Lenguaje:inglés
Publicado: New York, USA. Wiley, 1987
Edición:Second edition
Materias:
Acceso en línea:Disponible Online
Etiquetas: Agregar Etiqueta
Sin Etiquetas, Sea el primero en etiquetar este registro!

MARC

LEADER 00000nam a2200000 a 4500
001 UCX0837
003 CL-VaPUC
005 20211111225545.0
008 900323e19870000US |||||||||||||||||eng|d
999 |c 222276  |d 222274 
020 |a 978-0471815181 
040 |c Pontificia Universidad Católica de Valparaíso 
082 0 4 |a 530.13 HUA 1987  |2 21 
100 |a Huang, Kerson  |e author  |9 544216 
245 1 0 |a Statistical mechanics 
250 |a Second edition  
260 |a New York, USA.  |b Wiley,   |c 1987 
300 |a 493 páginas  
583 |a last modification  |c 20171031 11:00:10  |k Rodrigo Vera 
650 0 |a Mecánica estadística  |2 CL-VaPUC  |9 261055 
856 |u http://bibliografiadigital.pucv.cl.pucv.idm.oclc.org/index.php/bibliotecapucv/catalog/book/842  |y Disponible Online 
942 |c BK  |2 ddc 
945 |d 19900323 00:00:00 
952 |0 0  |1 0  |4 0  |6 530_130000000000000_HUA_1987  |7 0  |8 A  |9 216734  |a BIBCUR  |b BIBCUR  |d 2019-11-15  |i 2855453  |o 530.13 HUA 1987  |p 2855453  |r 2025-04-22  |w 2019-11-15  |y BK  |k FIS 
952 |0 0  |1 0  |4 0  |6 530_130000000000000_HUA_1987  |7 0  |8 A  |9 216735  |a BIBCUR  |b BIBCUR  |d 2019-11-15  |i 3181170  |l 2  |o 530.13 HUA 1987  |p 3181170  |r 2025-04-22  |s 2024-08-08  |w 2019-11-15  |y BK  |k BCB 
952 |0 0  |1 0  |4 0  |6 530_130000000000000_HUA_1987  |7 0  |8 A  |9 216736  |a BIBCUR  |b BIBCUR  |d 2019-11-15  |i 3813517  |o 530.13 HUA 1987  |p 3813517  |r 2025-04-22  |w 2019-11-15  |y BK  |k FIS 
952 |0 0  |1 0  |4 0  |6 530_130000000000000_HUA_1987  |7 0  |8 A  |9 216737  |a BIBCUR  |b BIBCUR  |d 2019-11-15  |i 3813525  |l 5  |o 530.13 HUA 1987  |p 3813525  |r 2025-04-22  |s 2024-11-29  |w 2019-11-15  |y BK  |k FIS 
952 |0 0  |1 0  |4 0  |6 530_130000000000000_HUA_1987  |7 0  |8 A  |9 216738  |a BIBCUR  |b BIBCUR  |d 2019-11-15  |i 3823199  |l 8  |m 9  |o 530.13 HUA 1987  |p 3823199  |r 2024-09-02  |s 2024-08-26  |w 2019-11-15  |y BK  |k FIS 
952 |0 0  |1 0  |4 0  |6 530_130000000000000_HUA_1987  |7 0  |8 A  |9 216739  |a BIBCUR  |b BIBCUR  |d 2019-11-15  |i 3823202  |o 530.13 HUA 1987  |p 3823202  |r 2025-04-22  |w 2019-11-15  |y BK  |k FIS